000 00272nam a22001217a 4500
008 170407b xxu||||| |||| 00| 0 eng d
041 _aeng
080 _23 ED
_a616
100 _a9
101 _aSHM
245 _aPATHO PHYSIOLOGY
_cBANASIK.J.L002-278773
942 _2udc
_cBK
999 _c10162
_d10162